La sociometria en la educación básica / (Registro nro. 13128)

Detalles MARC
000 -LIDER
fixed length control field 00558nam a22001817a 4500
003 - IDENTIFICACDOR DE NÚMERO DE CONTROL
control field DO-SdBNP
005 - DATE AND TIME OF LATEST TRANSACTION
control field 20171127130417.0
008 - ELEMENTOS DE LONGITUD FIJA
fixed length control field 171127b sp1974u||||| |||| 00| 0 spa d
040 ## - FUENTE DE CATALOGACIÓN
Agencia que crea de manera original el registro BMPSU
Idioma de catalogación spa
Agencia que realiza la transcripción BMPSU
100 ## - ASIENTO PRINCIPAL -- NOMBRE PERSONAL
Nombre personal Toesca, Y.
245 1# - MENCIÓN DE TITULO
Título La sociometria en la educación básica /
Mención de responsabilidad Y. Toesca
260 ## - PUBLICACIÓN, DISTRIBUCIÓN, ETC. (PIE DE IMPRENTA)
Lugar de publicación, distribución, etc Madrid :
Nombre del editor, distribuidor, etc. Narcea,
Fecha de publicación, distribución, etc 1974
300 ## - DESCRIPCIÓN FÍSICA
Extensión 245 p.:
Otros detalles físicos il. ;
Dimensiones 19 cm.
500 ## - NOTA GENERAL
Nota general Incluye referencias bibliográficas y notas al pie de las paginas
504 ## - NOTA DE BIBLIOGRAFÍA, ETC.
Bibliography, etc Bibliografía: p. 241-245
942 ## - ADDED ENTRY ELEMENTS (KOHA)
Source of classification or shelving scheme Dewey Decimal Classification
Koha item type Libros
945 ## - INFORMACIÓN DE PROCESAMIENTO LOCAL
Información de procesamiento local Inventariado, 2017/MFF
Existencias
Withdrawn status Lost status Source of classification or shelving scheme Damaged status Not for loan Collection code Home library Current library Date acquired Total Checkouts Barcode Date last seen Price effective from Koha item type
    Dewey Decimal Classification     Colección General Biblioteca Pública Metropolitana Salomé Ureña Biblioteca Pública Metropolitana Salomé Ureña 11/27/2017   BPMSU17110456 11/27/2017 11/27/2017 Libros